Walking with grandpa

Bibliographic Details
Main Author: Chung Ping Wong
Format: Book
Published: Johor : Johore Central Store , 2002
Series:Little Beacon
Subjects:

MARC

LEADER 00000cam a2200000 7i4500
001 0000064888
005 20220721141750.0
008 160725
020 |a 9834074476 
090 0 0 |a JP   |b ENG 
100 1 |a Chung Ping Wong 
245 1 0 |a Walking with grandpa   |c Mariam Mahamad 
260 |a Johor :   |b Johore Central Store ,   |c 2002 
490 1 |a Little Beacon 
500 |a Children age 4-6 years old (yellow) 
650 0 |a Children's stories, English 
999 |a 0000010133   |b Book   |c Children Collection   |e Cawangan Taman Universiti 
999 |a 0000010134   |b Book   |c Children Collection   |e Cawangan Taman Universiti 
999 |a 0000010135   |b Book   |c Children Collection   |e Cawangan Taman Universiti 
999 |a 0000010136   |b Book   |c Children Collection   |e Cawangan Taman Universiti 
999 |a 0000924640   |b Book   |c Children Collection   |e Cawangan Bukit Gambir 
999 |a 0000924642   |b Book   |c Children Collection   |e Cawangan Bukit Gambir 
999 |a 0000932352   |b Book   |c Children Collection   |e Cawangan Tangkak 
999 |a 0000932353   |b Book   |c Children Collection   |e Cawangan Tangkak 
999 |a 0000945778   |b Book   |c Children Collection   |e Cawangan Taman Sri Lambak 
999 |a 0000945779   |b Book   |c Children Collection   |e Cawangan Taman Sri Lambak 
999 |a 0000945780   |b Book   |c Children Collection   |e Cawangan Taman Sri Lambak